| 000 | 00821nam a22001935i 4500 | ||
|---|---|---|---|
| 001 | 160589 | ||
| 003 | ES-MaACL | ||
| 005 | 20250814045712.0 | ||
| 008 | 021113s1839 be af |||| | fre d | ||
| 040 |
_aCCPB | B _bspa _cCCPB | B |
||
| 100 | 1 |
_aNavier, Claude Louis Marie Henri, _d1785-1836 _9130425 |
|
| 245 | 1 | 0 |
_aRésumé des leçons données a l`École des ponts et chaussées, l'application de la mécanique a l'établissement des constructions et des machines / _cpar Navier. |
| 250 | _aNouvelle éd., rev., corr. et augm. | ||
| 260 |
_aBruxelles : _bSociété belge de librairie, _c1839 ( _fimprimerie de De Mortier, frères) |
||
| 300 |
_aXII, 633 p., [14] h. de grab. ; _c24 cm. |
||
| 650 | 7 |
_aMecánica _2embne _914869 |
|
| 852 |
_aES-MaACL _jF-5668 _z-- Enc. pasta grab. |
||
| 999 |
_c160589 _d160589 |
||